The noble scholar, jurist, historian


 His Excellency Dr. Abdul Wahhab bin Ibrahim Abu Sulaiman, may Allah have mercy on him.


 He was born in Umm Al-Qura in the year 1356 AH.

الإجماع في التفسير / (Record no. 731)

MARC details
000 -LEADER
fixed length control field 01337cam a2200313 i 4500
003 - CONTROL NUMBER IDENTIFIER
control field SA-RiAUC
005 - DATE AND TIME OF LATEST TRANSACTION
control field 20241001125810.0
008 - FIXED-LENGTH DATA ELEMENTS--GENERAL INFORMATION
fixed length control field 240926s1999 su g b 000 0 ara c
024 0# - OTHER STANDARD IDENTIFIER
Standard number or code 77000000002621
040 ## - CATALOGING SOURCE
Original cataloging agency KW-ShULA
Language of cataloging ara
Transcribing agency SA-RiAUC
Description conventions rda
050 #4 - LIBRARY OF CONGRESS CALL NUMBER
Item number .K48 1999
082 04 - DEWEY DECIMAL CLASSIFICATION NUMBER
Classification number 227
Assigning agency SA-RiAUC
090 ## - LOCALLY ASSIGNED LC-TYPE CALL NUMBER (OCLC); LOCAL CALL NUMBER (RLIN)
Classification number (OCLC) (R) ; Classification number, CALL (RLIN) (NR) 227
Local cutter number (OCLC) ; Book number/undivided call number, CALL (RLIN) خ ض ي
100 1# - MAIN ENTRY--PERSONAL NAME
Personal name الخضيري، محمد بن عبد العزيز أحمد،
Dates associated with a name 1385 هجري-
Relator term مؤلف.
245 12 - TITLE STATEMENT
Title الإجماع في التفسير /
Statement of responsibility, etc. إعداد محمد بن عبد العزيز بن أحمد الخضيري ؛ إشراف د. علي بن سليمان العبيد.
250 ## - EDITION STATEMENT
Edition statement الطبعة الأولى.
264 #1 - PRODUCTION, PUBLICATION, DISTRIBUTION, MANUFACTURE, AND COPYRIGHT NOTICE
Place of production, publication, distribution, manufacture الرياض :
Name of producer, publisher, distributor, manufacturer دار الوطن للنشر،
Date of production, publication, distribution, manufacture, or copyright notice 1999
300 ## - PHYSICAL DESCRIPTION
Extent 566 صفحة ؛
Dimensions 24 سم
336 ## - CONTENT TYPE
Content type term نص
Content type code txt
Source rdacontent
Materials specified كتاب
337 ## - MEDIA TYPE
Media type term بدون وسيط
Media type code n
Source rdamedia
338 ## - CARRIER TYPE
Carrier type term مجلد
Carrier type code nc
Source rdacarrier
500 ## - GENERAL NOTE
General note الأصل أطروحة ماجستير-جامعة الامام محمد بن سعود الإسلامية، 1995.
504 ## - BIBLIOGRAPHY, ETC. NOTE
Bibliography, etc. note ببليوجرافية : صفحة 476-500.
630 27 - SUBJECT ADDED ENTRY--UNIFORM TITLE
Uniform title القرآن
General subdivision تفسير
Source of heading or term aucut
700 1# - ADDED ENTRY--PERSONAL NAME
Personal name العبيد، علي بن سليمان،
Dates associated with a name 1374 هجري-
Relator term مشرف.
730 22 - ADDED ENTRY--UNIFORM TITLE
Uniform title القرآن
942 ## - ADDED ENTRY ELEMENTS (KOHA)
Source of classification or shelving scheme Dewey Decimal Classification
Koha item type Books
Suppress in OPAC No
949 ## - LOCAL PROCESSING INFORMATION (OCLC)
a SA-JeALM
d 240926
u mohamedma123
n 1
Holdings
Withdrawn status Lost status Source of classification or shelving scheme Damaged status Not for loan Home library Current library Date acquired Total checkouts Full call number Barcode Date last seen Price effective from Koha item type
    Dewey Decimal Classification     DR AbdElwahab Library DR AbdElwahab Library 10/01/2024   227 خ ض ي 000001057 10/01/2024 10/01/2024 Books